000 00671nam a22002417a 4500
003 UA-OsUOA
001 78861
007 ta
008 20111024b un ||||| |||| 00| 0 ukr d
090 _a908:94(477.81)
_bР57
942 _cBK
040 _aUA-OsUOA
_bukr
_cUA-OsUOA
_dUA-OsUOA
245 _aРівне-720: від давнини до сучасності
_bв двох книгах
300 _a144 с.
955 _a4
041 _aukr
080 _a908:94(477.81)
020 _a966-8306-07-4
260 _aРівне
_bВолинські обереги
_c2003
246 3 1 _aкнига 2
_n
650 7 _a908 Краєзнавство
_2UDC
999 _c365180
_d365180